Welcome to WEB OPAC of MRSPTU Central Library

Robbins Basic Pathology (Record no. 7275)

MARC details
000 -LEADER
fixed length control field 00436nam a2200181Ia 4500
008 - FIXED-LENGTH DATA ELEMENTS--GENERAL INFORMATION
fixed length control field 230711s9999||||xx |||||||||||||| ||und||
020 ## - INTERNATIONAL STANDARD BOOK NUMBER
International Standard Book Number 978-81-312-4904-8
041 ## - LANGUAGE CODE
Language code of text/sound track or separate title ENG
082 ## - DEWEY DECIMAL CLASSIFICATION NUMBER
Classification number 616.07
Item number KU-B
100 ## - MAIN ENTRY--PERSONAL NAME
Personal name Kumar,Vinay
245 #0 - TITLE STATEMENT
Title Robbins Basic Pathology
250 ## - EDITION STATEMENT
Edition statement 1st Ed.
260 ## - PUBLICATION, DISTRIBUTION, ETC.
Date of publication, distribution, etc. 2018
Place of publication, distribution, etc. New York
Name of publisher, distributor, etc. Elsevier Science Publishers
300 ## - PHYSICAL DESCRIPTION
Extent 935p.
650 ## - SUBJECT ADDED ENTRY--TOPICAL TERM
Topical term or geographic name entry element Pharmacy
700 ## - ADDED ENTRY--PERSONAL NAME
Personal name Abbas,Abul K
942 ## - ADDED ENTRY ELEMENTS (KOHA)
Koha item type Book
Holdings
Withdrawn status Lost status Damaged status Not for loan Collection Home library Current library Date acquired Source of acquisition Cost, normal purchase price Inventory number Total checkouts Full call number Barcode Date due Date last seen Date last checked out Price effective from Koha item type
          MRSPTU Central Library MRSPTU Central Library 10/02/2043 Krishna Book Distributors 2025.00 KBD/2017-2018/1020543059 12 616.07 KU-B P831 04/30/2026 04/09/2026 04/09/2026 08/17/2023 Book
          MRSPTU Central Library MRSPTU Central Library 10/02/2043 Krishna Book Distributors 2025.00 KBD/2017-2018/1020543059 2 616.07 KU-B P832   08/04/2025 08/04/2025 08/17/2023 Book
          MRSPTU Central Library MRSPTU Central Library 10/02/2043 Krishna Book Distributors 2025.00 KBD/2017-2018/1020543059 12 616.07 KU-B P833 05/11/2026 04/20/2026 04/20/2026 08/17/2023 Book

Website Designed and Developed by MRSPTU Central Library Team

E-mail Id: librarian@mrsptu.ac.in